Honey and gall / (Record no. 15879)

MARC details
000 -LEADER
fixed length control field 00898cam a2200217 a 4500
001 - CONTROL NUMBER
control field ca 24000762
003 - CONTROL NUMBER IDENTIFIER
control field DLC
005 - DATE AND TIME OF LATEST TRANSACTION
control field 20260227111113.0
008 - FIXED-LENGTH DATA ELEMENTS--GENERAL INFORMATION
fixed length control field 751020s1924 ksu 000 0 eng
010 ## - LIBRARY OF CONGRESS CONTROL NUMBER
LC control number ca 24000762
040 ## - CATALOGING SOURCE
Original cataloging agency DLC
Transcribing agency DLC
Modifying agency DLC
050 00 - LIBRARY OF CONGRESS CALL NUMBER
Classification number PR6031.O87
Item number H6 1924
051 ## - LIBRARY OF CONGRESS COPY, ISSUE, OFFPRINT STATEMENT
Classification number AC1
Item number .L8 no. 534
100 1# - MAIN ENTRY--PERSONAL NAME
Personal name Powys, Llewelyn,
Dates associated with a name 1884-1939.
245 10 - TITLE STATEMENT
Title Honey and gall /
Statement of responsibility, etc. Llewelyn Powys.
260 ## - PUBLICATION, DISTRIBUTION, ETC.
Place of publication, distribution, etc. Girard, Kan. :
Name of publisher, distributor, etc. Haldeman-Julius Co.,
Date of publication, distribution, etc. c1924.
300 ## - PHYSICAL DESCRIPTION
Extent 64 p. ;
Dimensions 13 cm.
440 #0 - SERIES STATEMENT/ADDED ENTRY--TITLE
Title Little blue book ;
Volume/sequential designation no. 534
505 0# - FORMATTED CONTENTS NOTE
Formatted contents note The magic in names -- When I consider thy heavens -- The blessings of longevity -- The sense of smell -- The open spaces of New York -- In durance vile -- The circus within a circus -- The moods of March -- The moods of April -- Ungasolened pleasures -- In exitu de Egypto -- The inconsistant visitor.
500 ## - GENERAL NOTE
General note Advertising matter : p.64

No items available.

Powered by Koha